Effect of continuous cultivation of rubber (Hevea brasiliensis) on soil properties (Record no. 52575)

MARC details
000 -LEADER
fixed length control field 00412nam a2200121Ia 4500
100 ## - MAIN ENTRY--AUTHOR NAME
Personal name Karthikakuttyamma M.
245 #0 - TITLE STATEMENT
Title Effect of continuous cultivation of rubber (Hevea brasiliensis) on soil properties
260 ## - PUBLICATION, DISTRIBUTION, ETC. (IMPRINT)
Name of publisher Ph.D. Thesis, University of Kerala, Trivandrum, India, 176 p.
Year of publication 1997
650 ## - SUBJECT ADDED ENTRY--TOPICAL TERM
Topical Term Rubber cultivation
650 ## - SUBJECT ADDED ENTRY--TOPICAL TERM
Topical Term Soil property
942 ## - ADDED ENTRY ELEMENTS (KOHA)
Koha item type Bibliography STAF
Holdings
Withdrawn status Lost status Damaged status Not for loan Home library Current library Date acquired Koha item type
      Bibliography RRII Library RRII Library 09/04/2014 Bibliography STAF